| 000 | 00415nam a22001217a 4500 | ||
|---|---|---|---|
| 999 |
_c18798 _d18798 |
||
| 008 | 210219b xxu||||| |||| 00| 0 eng d | ||
| 050 |
_aGMB0203 _b.K87 2015 c.1 |
||
| 100 | _aKurgat, Stellah Chebet | ||
| 245 |
_aEffects of non-bank financial development on private investment in Kenya _cStellah Chebet Kurgat |
||
| 260 |
_aKabarak, Nakuru, Kenya _bKabarak University _c2015 |
||
| 300 | _a83 leaves | ||
| 942 |
_2lcc _cTHE |
||